Költség- és eredményelemzés a vállalat, a termékek és a divíziók szintjén

Bibliográfiai részletek
Szerző: Kökény Ákos
További közreműködők: Simon Dr. Szilvia
Dokumentumtípus: Diplomadolgozat
Kulcsszavak:Költség
Eredményelemzés
Likviditás
Online Access:http://dolgozattar.uni-bge.hu/9657

MARC

LEADER 00000nta a2200000 i 4500
001 dolg9657
005 20161219140634.0
008 161219suuuu hu om 000 hun d
040 |a BGE Dolgozattár Repozitórium  |b hun 
041 |a hu 
100 1 |a Kökény Ákos 
245 1 0 |a Költség- és eredményelemzés a vállalat, a termékek és a divíziók szintjén  |c Kökény Ákos  |h [elektronikus dokumentum] 
695 |a Költség 
695 |a Eredményelemzés 
695 |a Likviditás 
700 1 |a Simon Dr. Szilvia  |e ths 
856 4 0 |u http://dolgozattar.uni-bge.hu/9657/1/Szakdolgozat%20-%20K%C3%B6k%C3%A9ny%20%C3%81kos.pdf  |z Dokumentum-elérés 
856 4 0 |u http://dolgozattar.uni-bge.hu/9657/2/IMG_7968.JPG  |z Dokumentum-elérés 
856 4 0 |u http://dolgozattar.uni-bge.hu/9657/3/IMG_7969.jpg  |z Dokumentum-elérés